Exploring the west : (Record no. 31335)
[ view plain ]
| 000 -LEADER | |
|---|---|
| fixed length control field | 01612cam a22003377a 4500 |
| 005 - DATE AND TIME OF LATEST TRANSACTION | |
| control field | 20091020105013.0 |
| 008 - FIXED-LENGTH DATA ELEMENTS--GENERAL INFORMATION | |
| fixed length control field | 091019s2009 ii af 000 0 eng d |
| 010 ## - LCCN (DPL NO) | |
| LC control number | ENG-95316 |
| 020 ## - INTERNATIONAL STANDARD BOOK NUMBER | |
| International Standard Book Number | 0198063113 |
| Terms of availability | 795.00 |
| 020 ## - INTERNATIONAL STANDARD BOOK NUMBER | |
| International Standard Book Number | 9780198063117 |
| Terms of availability | 795.00 |
| 035 ## - SYSTEM CONTROL NUMBER | |
| System control number | EN-78849 |
| 037 ## - SOURCE OF ACQUISITION | |
| Source of stock number/acquisition | DBAD/PUB |
| 037 ## - SOURCE OF ACQUISITION | |
| Source of stock number/acquisition | PUB |
| 082 ## - DEWEY DECIMAL CLASSIFICATION NUMBER | |
| Classification number | 910.4 |
| 245 ## - TITLE STATEMENT | |
| Title | Exploring the west : |
| Statement of responsibility, etc | edited by Mushirul Hasan |
| Remainder of title | three travel narratives / |
| 260 ## - PUBLICATION, DISTRIBUTION, ETC. (IMPRINT) | |
| Place of publication, distribution, etc | New Delhi : |
| Name of publisher, distributor, etc | Oxford University Press |
| Date of publication, distribution, etc | 2009. |
| 300 ## - PHYSICAL DESCRIPTION | |
| Extent | 1v. (various pagings) |
| Dimensions | 22 cm.(Hb) |
| Other physical details | ill |
| 500 ## - GENERAL NOTE | |
| General note | Includes bibliographical references and Index |
| 505 ## - FORMATTED CONTENTS NOTE | |
| Formatted contents note | Images of the west: the adventures of Itesamuddin (x, 116p.) -- Westward bound:travels of Mirza Abu Taleb (xxxiii, 346p.) -- Seamless boundaries: Lutfullah's narrative beyond East and West (xx, 260p.) |
| 600 ## - SUBJECT ADDED ENTRY--PERSONAL NAME | |
| Personal name | I’tesamuddin, Mirza Sheikh, |
| Dates associated with a name | ca. 1730-ca. 1800 |
| General subdivision | Travel |
| 600 ## - SUBJECT ADDED ENTRY--PERSONAL NAME | |
| Personal name | Abū Ṭālib Khān, |
| Dates associated with a name | 1752-1806? |
| General subdivision | Travel |
| 600 ## - SUBJECT ADDED ENTRY--PERSONAL NAME | |
| Personal name | Lutfullah, |
| Dates associated with a name | 1802-1874 |
| General subdivision | Travel |
| 651 ## - SUBJECT ADDED ENTRY--GEOGRAPHIC NAME | |
| Geographic name | Great Britain |
| General subdivision | Description and travel. |
| 651 ## - SUBJECT ADDED ENTRY--GEOGRAPHIC NAME | |
| Geographic name | France |
| General subdivision | Description and travel. |
| 651 ## - SUBJECT ADDED ENTRY--GEOGRAPHIC NAME | |
| Geographic name | India |
| General subdivision | Description and travel. |
| 700 ## - ADDED ENTRY--PERSONAL NAME | |
| Personal name | Hasan, Mushirul |
| 942 ## - ADDED ENTRY ELEMENTS (KOHA) | |
| Source of classification or shelving scheme | Dewey Decimal Classification |
| Item type | English Books |
| Call number suffix | EXP |
| Classification part | 910.4 |
| Withdrawn status | Lost status | Source of classification or shelving scheme | Damaged status | Not for loan | Collection code | Home library | Current library | Date acquired | Source of acquisition | Cost, normal purchase price | Total Checkouts | Full call number | Barcode | Date last seen | Copy number | Cost, replacement price | Koha item type |
|---|---|---|---|---|---|---|---|---|---|---|---|---|---|---|---|---|---|
| Dewey Decimal Classification | Ordered | Non-fiction | Andrews Gunj | Andrews Gunj | 01/05/2010 | 795.00 | 910.4 EXP | 01/05/2010 | 795.00 | English Books | |||||||
| Dewey Decimal Classification | Not For Loan | Non-fiction | D.B.Act.Division | D.B.Act.Division | 04/11/2009 | DBAD / PUB | 795.00 | 910.4 EXP | EN-78849 | 04/11/2009 | 1 | 795.00 | English Books |
